000 00386nam a2200133Ia 4500
008 250506s9999 xx 000 0 und d
024 _a02A-30-BS & 02A-34-BS
082 _a005.337324072 ASI
100 _aAsif Sohail Bugti & Pervez Iqbal
245 0 _aIntelligent Boss
260 _aKarachi:
_bUIT,
_c2000
600 _aComputer Science
650 _aBachelor of Computer Science (BS)
999 _c27431
_d27431